000 00290nam a22001337a 4500
008 210301b ||||| |||| 00| 0 eng d
020 _a0669016381
041 _aeng
080 _a32
100 _a19
101 _aSHP
245 _aInternational Corrections
_cWicks,J.R
942 _2udc
_cBK
999 _c55329
_d55329